Microsoft Windows XP : Uživatelská příručka

Na minha lista:
Detalhes bibliográficos
Main Authors: Bednařík, Jan (Author), Hlavenka, Jiří (Author), Broža, Petr (Author)
Formato: Livro
Idioma:tcheco
Publicado em: Brno : CP Books, 2005
Edição:3. vyd.
Assuntos:
Tags: Adicionar Tag
Sem tags, seja o primeiro a adicionar uma tag!

MARC

LEADER 00000nam a22000003a 4500
001 stu94851
005 20150617225614.9
008 050627s2005----xr------------------cze-d
020 |a 80-251-0618-7 
040 |a STU  |b slo 
041 0 |a cze 
044 |a xr 
080 |a 004.45 Windows 
084 |a C5620  |2 INS 
084 |a C6150  |2 INS 
084 |a C6150J  |2 INS 
100 1 |a Bednařík, Jan  |4 aut 
245 1 |a Microsoft Windows XP :  |b Uživatelská příručka 
250 |a 3. vyd. 
260 |a Brno :  |b CP Books,  |c 2005 
300 |a 400 s 
650 7 |a Windows 2000  |2 stusub 
650 7 |a operačné systémy  |2 stusub 
650 7 |a programové systémy  |2 stusub 
650 7 |a počítačové siete  |2 stusub 
700 1 |a Hlavenka, Jiří  |4 aut 
700 1 |a Broža, Petr  |4 aut 
996 |b 284EK85656  |c E*85656  |l EELSDV  |s P  |a 0  |w stu94851_0001